000 00491nam a22001817a 4500
003 0
005 20240807091218.0
008 240807b xxu||||| |||| 00| 0 eng d
020 _a978198468577
050 _aQA 76.585
_b.T57 2024
100 _a3G E-Learning
245 _aBasics of cloud computing
_c3G E-Learning
260 _aNew York
_b3G E-Learning LLC, USA
_c2021
300 _a181 pages ;
_c26cm.
504 _aIncludes index.
650 _aCloud computing.
942 _2lcc
_cBK
999 _c366045
_d366045